000 00835nam a2200229 a 4500
001 000026316
003 DO-SdBNP
005 20230704102257.0
008 110312s1973 mx ac 000 0 spa d
040 _aDO-SdBNP
_bspa
_cBPMSU
082 4 _a324.97293
_bB171m 1973
_222
100 1 _aBalaguer, Joaquín,
_d1906-2002
_92
245 1 3 _aLa marcha hacia el Capitolio /
_cJoaquín Balaguer.
260 _aSanto Domingo :
_bFuentes Impresores,
_c1973.
300 _a477 p. :
_bil., retrs. ;
_c22 cm.
590 _aInventariado, 2023/VM
650 4 _aCampaña electoral
_zRepública Dominicana
_y1966-1970
_xPartido Reformista
650 1 4 _aCampaña electoral
_zRepública Dominicana
_y1970-1974
_xPartido Reformista
651 4 _aRepública Dominicana
_xPolítica y gobierno
_y1961
910 _aVMateo V. Control de calidad. (BPMSU)
942 _2ddc
_cBK
999 _c14395
_d14395